<?xml version="1.0" encoding="UTF-8"?>
<marc:record xmlns:marc="http://www.loc.gov/MARC21/slim">
   <marc:leader>00000nam a2200000 a 4500</marc:leader>
   <marc:datafield ind1="1" ind2=" " tag="100">
      <marc:subfield code="a">Steigenberger, Heide</marc:subfield>
      <marc:subfield code="4">aut</marc:subfield>
      <marc:subfield code="e">Verfasser/-in</marc:subfield>
   </marc:datafield>
   <marc:datafield ind1="0" ind2="0" tag="245">
      <marc:subfield code="a">Reizmagen</marc:subfield>
   </marc:datafield>
   <marc:datafield ind1="0" ind2="0" tag="245">
      <marc:subfield code="b">Richtiger Umgang mit Gastritis, Sodbrennen, Magendrücken und Verdauungsstörungen</marc:subfield>
   </marc:datafield>
   <marc:datafield ind1=" " ind2="1" tag="264">
      <marc:subfield code="a">Wien</marc:subfield>
      <marc:subfield code="b">Kneipp-Verlag</marc:subfield>
      <marc:subfield code="c">2016</marc:subfield>
   </marc:datafield>
   <marc:datafield ind1=" " ind2=" " tag="250">
      <marc:subfield code="a">2. Aufl.</marc:subfield>
   </marc:datafield>
   <marc:datafield ind1="1" ind2=" " tag="520">
      <marc:subfield code="a">Immer mehr Menschen leiden an Magen-Darm-Beschwerden wie Magendrücken, Völlegefühl, Sodbrennen, Aufstoßen etc. Meist sind die Ursachen falsche Essgewohnheiten, Bewegungsmangel und zunehmender Stress. Dieses Ratgeber-Kochbuch richtet sich an all jene Personen, die unter stressbedingten Magenbeschwerden leiden, die ihre Gastritis ausheilen möchten und die magenfreundliche Kost benötigen. Aus dem Inhalt: Symptome und Diagnose der Beschwerden, Sofortmaßnahmen bei akuten Problemen, Magenkuren und homöopathische Hilfe, mehr als 60 alltagstaugliche Rezepte (Verl.txt)</marc:subfield>
   </marc:datafield>
   <marc:datafield ind1=" " ind2=" " tag="020">
      <marc:subfield code="a">9783708806280</marc:subfield>
      <marc:subfield code="9">9783708806280</marc:subfield>
   </marc:datafield>
   <marc:datafield ind1=" " ind2=" " tag="020">
      <marc:subfield code="a">370880628X</marc:subfield>
      <marc:subfield code="9">370880628X</marc:subfield>
   </marc:datafield>
   <marc:datafield ind1=" " ind2=" " tag="500">
      <marc:subfield code="a">Zahlr. ill.</marc:subfield>
   </marc:datafield>
   <marc:datafield ind1=" " ind2=" " tag="300">
      <marc:subfield code="a">126 S.</marc:subfield>
   </marc:datafield>
</marc:record>
